000 01130nam a2200265Ia 4500
003 OSt
005 20220923211243.0
006 a|||||r|||| 00| 0
007 ta
008 220922b |||||||| |||| 00| 0 san d
020 _a9788177022982 (hbk)
_c750
024 _a266,146
037 _b133, 27/08/2012, Eastern Book Linkers
_cTextual
040 _aARTS
_cARTS
_bsan
041 _2san
_asan
082 _aP15,10A4:28x1,1:g, 152Q2
100 _aचतुर्वेदी सत्यदेवनिगमालंकार; नरेश कुमार, संपा.
_9160056
245 0 _aवैदिकधात्चर्थविचार
246 _aVaidikadhātcharthavichāra
260 _aदिल्ली
_b प्रतिभा प्रकाशन
_c2012
300 _a253पृ0
_ccm.
650 _aहिन्दी भाषा
942 _hP15,10A4:28x1,1:g, 152Q2
_cTEXL
_2CC
999 _c297735
_d297735